| 000 | 00610nam a2200205 u 4500 | ||
|---|---|---|---|
| 005 | 20230527063631.0 | ||
| 008 | 110615s2007 ea r 000 0 spa d | ||
| 020 | _a1599700166 | ||
| 035 | _aUPN01000180823 | ||
| 049 | _aCG | ||
| 050 | 4 |
_aBJ1581.2 _bH8.2 |
|
| 100 | 1 |
_aHubbard, L. Ron, _d1911-1986 _930649 |
|
| 245 | 1 | 3 |
_aEl camino a la felicidad / _cL. Ronald Hubbard. |
| 260 |
_aE.U.A. : _bFundación el Camino a la Felicidad, _cc2007. |
||
| 300 |
_a248 p. : _bil. |
||
| 534 |
_pTraducción de: _tThe way to happiness |
||
| 650 | 4 |
_aConducta de vida _94416 |
|
| 650 | 2 |
_aFelicidad _919377 |
|
| 905 | _aLibro | ||
| 999 |
_c152926 _d152926 |
||